00701nam a2200229Ia 4500001000600000003000900006008004100015040001300056040001300069041001300082100002000095100002900115245004100144245006000185250001100245260002600256260001500282260004900297300005500346650003900401650003100440G7558IT-RoPAU130308s9999 xx 000 0 und d aIT-RoPAU cIT-RoPAU aITALIANO aBelmonte Walter gCodice Aut. SPICS: 55656 aTelematica e sperimentazione sociale bMediamorfosi. Conversazioni su Comunicazione e Societa' a1a ed. aSOVERIA MANNELLI (CZ) bRubbettino c2000 [1° Ed.:2000 - Ed.Ling.Originale:2000] a"8 p. (prefazione: no ; testo: 8 [pagine: 47-54])" aSTORIA DELLA COMUNICAZIONE SOCIALE eCodice materia Spics: 3808